000
00294nam a22001337a 4500
008
170529b xxu||||| |||| 00| 0 eng d
020
_a
04132774917
041
_a
eng
080
_2
5 ED
_a
62
100
_a
27
101
_a
IM
245
_a
ENGINEERING ECONOMY
_c
THUESEN.H.G
942
_2
udc
_c
BK
999
_c
14853
_d
14853